| 000 | 003940000a22001330004500 | ||
|---|---|---|---|
| 003 | MACL | ||
| 040 | _aMACL | ||
| 090 |
_c40394 _d40392 |
||
| 100 | _aMarshall Cavendish Corporation | ||
| 245 |
_aEncyclopedia of Earth and Physical Sciences _bVol 2 Cambrian Period Crystals and Crystallography |
||
| 260 |
_bMarshall Cavendish Corporation _c1998 |
||
| 650 | _aEncyclopaedia | ||
| 942 |
_cRBKS _k030/CAV |
||
| 999 |
_c39960 _d39960 |
||